Statistics for Correct These Tube (London Underground) Lines Colour Match

Click here to take the quiz!

General Stats

  • This quiz has been taken 1,266 times
  • The average score is 10 of 11

Answer Stats

Wrong NameColour CodeCorrect Name% Correct
Waterloo and City#007D32District
96%
Metropolitan#B26300Bakerloo
95%
Bakerloo#DC241FCentral
95%
Circle#000000Northern
95%
Northern#FFD329Circle
94%
Jubilee#0098D8Victoria
93%
Hammersmith and City#A1A5A7Jubilee
92%
District#0019A8Piccadilly
92%
Victoria#9B0058Metropolitan
90%
Central#F4A9BEHammersmith and City
89%
Piccadilly#93CEBAWaterloo and City
85%

Score Distribution

Percentile by Number Answered

Percent of People with Each Score

Your Score History

You have not taken this quiz